000 00778nam a2200277 a 4500
001 92048
003 BCEG
005 20260414114210.0
008 260414s2024||||sp a|||gr|||||||0#||spa|d
020 _a9786071683151
040 _aBCEG
_bspa
_cBCEG
082 0 4 _aCOM741.59493
_bZ121i
100 1 _aZabus, Vincent,
_d1971-.
245 1 1 _a¡Increíble!
260 _aMéxico :
_bFondo de Cultura Económica,
_c2024.
300 _a203 p. :
_bil., col.
490 _aEspectrográfica.
521 _aClasificación D: Para todo público.
534 _pTítulo original :
_tIncroyable !
535 1 _aDisponible en la Comicteca.
541 _aCompra.
650 1 4 _aNovela gráfica belga.
700 1 _aHippolyte,
_eil.
700 1 _aDehesa, Juana Inés,
_etr.
942 _cBK
999 _c437187
_d437187